[Event "60th ch-POL w, Krakow POL"]
[Site "?"]
[Date "2008.??.??"]
[Round "1"]
[White "Dworakowska, J."]
[Black "Szczepkowska Horowska, K."]
[Result "0-1"]
[WhiteElo "2350"]
[BlackElo "2290"]
[PlyCount "118"]
[EventDate "2008.??.??"]

1. d4 Nf6 2. c4 d6 3. Nf3 g6 4. g3 Bg7 5. Bg2 O-O 6. O-O Bg4 7. Nc3 Qc8 8. Re1
c5 9. d5 Na6 10. e4 Nd7 11. h3 Bxf3 12. Qxf3 Nc7 13. Bg5 Re8 14. Qe3 a6 15. Bh6
Bd4 16. Qd2 b5 17. Ne2 Bh8 18. Rac1 Qb7 19. b3 a5 20. f4 bxc4 21. Rxc4 Qa6 22.
Rf1 Rab8 23. h4 Rb4 24. Rxb4 axb4 25. h5 Ra8 26. Nc1 Bd4+ 27. Kh1 Nf6 28. hxg6
hxg6 29. f5 Kh7 30. fxg6+ fxg6 31. Qg5 Rh8 32. Bh3 Nce8 33. Kg2 Qa3 34. Be6
Qb2+ 35. Kh3 Qc2 36. Re1 Nxe4 37. Qh4 Bf6 38. Rxe4 Bxh4 39. Rxh4 Nf6 40. g4 Nh5
41. Bf4 Qc3+ 42. Kg2 Qf6 43. Bg3 Qb2+ 44. Kh3 Qxc1 45. gxh5 Kg7 46. hxg6 Qh1+
47. Kg4 Qe4+ 48. Kh3 Qxg6 49. Rxh8 Kxh8 50. Bh4 Qg7 51. Bg3 Kh7 52. Bh4 Kg6 53.
Kg4 Kh6+ 54. Kf3 Kh5 55. Bf2 Qf6+ 56. Kg3 Qb2 57. Be3 Kg6 58. Kg4 Qg2+ 59. Kf4
Qxa2 0-1

[Event "60th ch-POL w, Krakow POL"]
[Site "?"]
[Date "2008.??.??"]
[Round "1"]
[White "Majdan, Joanna"]
[Black "Golek, Jagoda"]
[Result "1-0"]
[WhiteElo "2290"]
[BlackElo "2040"]
[PlyCount "55"]
[EventDate "2008.??.??"]

1. e4 Nc6 2. Nf3 d5 3. exd5 Qxd5 4. Nc3 Qa5 5. d4 Bg4 6. Bb5 a6 7. Bxc6+ bxc6
8. Qd3 Qf5 9. Ne5 Qxd3 10. cxd3 Bd7 11. Ne4 e6 12. Bd2 f6 13. Nc4 Ne7 14. Ncd6+
Kd8 15. Nf7+ Kc8 16. Nxh8 Nf5 17. Bc3 Be7 18. g4 Nh6 19. g5 Nf5 20. gxf6 gxf6
21. Nc5 Bxc5 22. dxc5 e5 23. f4 Kb7 24. fxe5 Rxh8 25. exf6 Re8+ 26. Kd2 Nh4 27.
Rhf1 Nf5 28. Rae1 1-0

[Event "60th ch-POL w, Krakow POL"]
[Site "?"]
[Date "2008.??.??"]
[Round "1"]
[White "Kulon, Klaudia"]
[Black "Toma, K."]
[Result "1-0"]
[WhiteElo "2125"]
[BlackElo "2255"]
[PlyCount "63"]
[EventDate "2008.??.??"]

1. e4 c5 2. Nf3 Nc6 3. d4 cxd4 4. Nxd4 Nf6 5. Nc3 e5 6. Ndb5 d6 7. Bg5 a6 8.
Na3 b5 9. Bxf6 gxf6 10. Nd5 f5 11. c3 Bg7 12. exf5 Bxf5 13. Nc2 Be6 14. g3 O-O
15. Bg2 a5 16. O-O f5 17. Qe2 Rb8 18. Rfd1 Kh8 19. Rd2 e4 20. Nf4 Bf7 21. Ne3
Qf6 22. Rad1 Rfd8 23. Nh5 Bxh5 24. Qxh5 Bh6 25. Rd5 Bxe3 26. Rxf5 Qh6 27. fxe3
Qxe3+ 28. Kh1 Rb7 29. Rdf1 Ne5 30. Qh4 Rg8 31. Bxe4 Rd7 32. Rf8 1-0

[Event "60th ch-POL w, Krakow POL"]
[Site "?"]
[Date "2008.??.??"]
[Round "1"]
[White "Socko, M."]
[Black "Warakomska, A."]
[Result "1/2-1/2"]
[WhiteElo "2475"]
[BlackElo "2180"]
[PlyCount "240"]
[EventDate "2008.??.??"]

1. e4 e5 2. Nf3 Nc6 3. Bb5 a6 4. Bxc6 dxc6 5. O-O Bg4 6. h3 h5 7. d3 Qf6 8.
Nbd2 Ne7 9. Re1 Ng6 10. d4 Nf4 11. dxe5 Qg6 12. Nh4 Bxd1 13. Nxg6 Nxg6 14. Rxd1
Rd8 15. Re1 Nxe5 16. Nf1 Bb4 17. c3 Nd3 18. Re2 Be7 19. Be3 O-O 20. Rd1 Bf6 21.
Rc2 c5 22. b3 c4 23. bxc4 Ne5 24. Rxd8 Rxd8 25. Nd2 Nc6 26. Nb3 b6 27. Bf4 Ne5
28. c5 Rd1+ 29. Kh2 Nd3 30. cxb6 cxb6 31. Be3 Be5+ 32. g3 b5 33. f4 Ne1 34. Rc1
Rxc1 35. Nxc1 Bxc3 36. Kg1 Nc2 37. Bc5 a5 38. Kf2 Be1+ 39. Kf3 a4 40. Ne2 b4
41. Nd4 Nxd4+ 42. Bxd4 b3 43. axb3 axb3 44. g4 hxg4+ 45. hxg4 g6 46. e5 Bd2 47.
Bb2 Kf8 48. Ke4 Ke7 49. f5 Bb4 50. Kd5 gxf5 51. gxf5 Bd2 52. Kc4 Bf4 53. Kxb3
Kd7 54. Kc4 Kc6 55. Bc3 Bc1 56. Kd4 Bg5 57. Bb4 Bc1 58. Ke4 Bb2 59. Bd2 Ba1 60.
Be3 Bb2 61. Bf2 Bc1 62. Bd4 Bd2 63. Bb2 Bg5 64. Ba3 Bd2 65. Bf8 Bc3 66. Bg7 Bd2
67. Bh8 Bh6 68. Bf6 Bd2 69. Bh4 Bc1 70. Be1 Bb2 71. Bb4 Bc1 72. Be1 Ba3 73. Bg3
Bb2 74. e6 fxe6 75. fxe6 Ba3 76. Kf5 Be7 77. Kg6 Kd5 78. Kf7 Bd8 79. Bf4 Bh4
80. Bc1 Ke4 81. Bd2 Ke5 82. Be1 Bg5 83. Bb4 Kf5 84. Bd2 Bh4 85. Be3 Ke5 86. Bc5
Kf5 87. Be7 Be1 88. Bg5 Bb4 89. Be3 Ba3 90. Bd4 Bb4 91. Bf6 Bc5 92. Bd8 Bb4 93.
Be7 Be1 94. Bd6 Bh4 95. Bc5 Bg5 96. Bf2 Ke5 97. Bg1 Kf5 98. Bd4 Bh4 99. Bc5 Bg5
100. Bf8 Bh4 101. Bh6 Ke5 102. Be3 Kf5 103. Bd2 Ke5 104. Be1 Bg5 105. Bf2 Kf5
106. Bg3 Bd8 107. Bc7 Bg5 108. Bd6 Bh4 109. Ba3 Bg5 110. Be7 Be3 111. Bd8 Bc5
112. Bf6 Bb4 113. Bd4 Bd6 114. Bf2 Ba3 115. Bg3 Bc5 116. Bh4 Bb4 117. Bd8 Bc5
118. Bf6 Bb4 119. Be7 Be1 120. Ba3 Bh4 1/2-1/2

[Event "60th ch-POL w, Krakow POL"]
[Site "?"]
[Date "2008.??.??"]
[Round "1"]
[White "Krupa, Monika"]
[Black "Czarnota, D."]
[Result "1/2-1/2"]
[WhiteElo "2265"]
[BlackElo "2210"]
[PlyCount "67"]
[EventDate "2008.??.??"]

1. e4 c6 2. d4 d5 3. Nc3 dxe4 4. Nxe4 Bf5 5. Ng3 Bg6 6. h4 h6 7. Nf3 Nd7 8. h5
Bh7 9. Bd3 Bxd3 10. Qxd3 e6 11. Bf4 Qa5+ 12. Bd2 Bb4 13. c3 Be7 14. c4 Qc7 15.
O-O-O Ngf6 16. Ne4 O-O 17. Kb1 Rad8 18. Bc3 b5 19. Nxf6+ Nxf6 20. Qe2 bxc4 21.
Ne5 Nd5 22. Qxc4 Rb8 23. Rc1 Ba3 24. Rc2 Rfc8 25. Rh3 Qb7 26. Rf3 c5 27. Rxf7
Nxc3+ 28. Qxc3 Qe4 29. Qxa3 cxd4 30. Rxg7+ Kh8 31. Rh7+ Kg8 32. Rg7+ Kh8 33.
Rh7+ Kg8 34. Rg7+ 1/2-1/2

[Event "60th ch-POL w, Krakow POL"]
[Site "?"]
[Date "2008.??.??"]
[Round "1"]
[White "Zawadzka, J."]
[Black "Przezdziecka, M."]
[Result "1/2-1/2"]
[WhiteElo "2410"]
[BlackElo "2275"]
[PlyCount "102"]
[EventDate "2008.??.??"]

1. e4 c5 2. Nf3 Nc6 3. d4 cxd4 4. Nxd4 Nf6 5. Nc3 d6 6. Bg5 e6 7. Qd2 Be7 8.
Nb3 O-O 9. O-O-O Qb6 10. f3 Rd8 11. Be3 Qc7 12. Nb5 Qb8 13. N5d4 Nxd4 14. Bxd4
Qc7 15. Qe1 e5 16. Bc3 Be6 17. Bd3 a5 18. Kb1 a4 19. Nc1 Rdc8 20. a3 b5 21. Na2
Bxa2+ 22. Kxa2 Rab8 23. Qe2 Qd7 24. Bb4 d5 25. Bxe7 Qxe7 26. exd5 b4 27. Bc4
Qc5 28. b3 Qa5 29. Qxe5 axb3+ 30. cxb3 Qxa3+ 31. Kb1 Ra8 32. Qb2 Qa5 33. Rhe1
Rd8 34. Re5 Nd7 35. Rg5 g6 36. h4 h6 37. Rg4 Nb6 38. Rgd4 Nxc4 39. bxc4 Ra6 40.
g4 Qc5 41. Re4 Rda8 42. Rde1 Kh7 43. Re7 Ra1+ 44. Qxa1 Rxa1+ 45. Kxa1 Qd4+ 46.
Kb1 Qd3+ 47. Kb2 Qa3+ 48. Kb1 Qb3+ 49. Ka1 Qc3+ 50. Kb1 Qd3+ 51. Kb2 Qc3+
1/2-1/2

[Event "60th ch-POL w, Krakow POL"]
[Site "?"]
[Date "2008.??.??"]
[Round "2"]
[White "Czarnota, D."]
[Black "Zawadzka, J."]
[Result "1/2-1/2"]
[WhiteElo "2210"]
[BlackElo "2410"]
[PlyCount "77"]
[EventDate "2008.??.??"]

1. d4 d5 2. c4 e6 3. Nf3 c6 4. e3 Nf6 5. Nbd2 dxc4 6. Nxc4 Nbd7 7. Bd3 c5 8. b3
b5 9. Nce5 cxd4 10. exd4 Bb4+ 11. Bd2 Bxd2+ 12. Qxd2 O-O 13. Bxb5 Ne4 14. Qd3
Nxe5 15. Nxe5 Qa5+ 16. Kf1 Nd6 17. Bc4 f6 18. Nc6 Qc7 19. Rc1 Kh8 20. d5 Nxc4
21. bxc4 a5 22. Kg1 Qf4 23. Rd1 exd5 24. cxd5 Bf5 25. Qd2 Qa4 26. f3 Rac8 27.
Kf2 Bd7 28. Nd4 Rc4 29. Rhe1 h6 30. Kg1 Qa3 31. Ne6 Rfc8 32. Nd4 Qc5 33. Kh1
Qxd5 34. Nb3 Qxd2 35. Rxd2 Bf5 36. Nxa5 Rc1 37. Rdd1 Rxd1 38. Rxd1 Ra8 39. Nc4
1/2-1/2

[Event "60th ch-POL w, Krakow POL"]
[Site "?"]
[Date "2008.??.??"]
[Round "2"]
[White "Warakomska, A."]
[Black "Krupa, Monika"]
[Result "1/2-1/2"]
[WhiteElo "2180"]
[BlackElo "2265"]
[PlyCount "82"]
[EventDate "2008.??.??"]

1. e4 e6 2. d4 d5 3. Nd2 c5 4. Ngf3 cxd4 5. exd5 Qxd5 6. Bc4 Qd6 7. O-O Nf6 8.
Nb3 Nc6 9. Nbxd4 Nxd4 10. Nxd4 a6 11. a4 Bd7 12. Be3 Qc7 13. Qe2 Bc5 14. Bb3
O-O 15. Nf3 Bd6 16. h3 Bc6 17. Nd4 Bd5 18. Bg5 Be5 19. Bxf6 Bxf6 20. Bxd5 Bxd4
21. Bf3 Rad8 22. c3 Ba7 23. Rad1 g6 24. Qe4 b5 25. axb5 axb5 26. Qc6 Qf4 27.
Qe4 Qxe4 28. Bxe4 b4 29. cxb4 Rb8 30. Rd7 Rxb4 31. Bxg6 hxg6 32. Rxa7 Rxb2 33.
Rfa1 Kg7 34. Ra8 Rxa8 35. Rxa8 Rb1+ 36. Kh2 g5 37. g4 Kg6 38. Ra6 Rd1 39. Kg3
Kf6 40. Ra7 Rd3+ 41. Kg2 Kg6 1/2-1/2

[Event "60th ch-POL w, Krakow POL"]
[Site "?"]
[Date "2008.??.??"]
[Round "2"]
[White "Toma, K."]
[Black "Socko, M."]
[Result "1/2-1/2"]
[WhiteElo "2255"]
[BlackElo "2475"]
[PlyCount "289"]
[EventDate "2008.??.??"]

1. e4 e6 2. d4 d5 3. Nc3 Nf6 4. Bg5 Be7 5. e5 Nfd7 6. Bxe7 Qxe7 7. f4 O-O 8.
Nf3 c5 9. Qd2 Nc6 10. dxc5 f6 11. exf6 Qxf6 12. g3 Nxc5 13. O-O-O Rd8 14. Qe1
a6 15. Bd3 Bd7 16. Ne2 Be8 17. Ned4 Bh5 18. Be2 Bxf3 19. Nxf3 Rac8 20. Bd3 Rc7
21. Kb1 Rdc8 22. c3 b5 23. Bc2 a5 24. Qe3 Ne7 25. Nd4 b4 26. cxb4 axb4 27. Rhe1
Ng6 28. h4 Nf8 29. Qe5 Qxe5 30. Rxe5 Nfd7 31. Re2 Nf6 32. f5 e5 33. Rxe5 Nce4
34. Bxe4 dxe4 35. Ne6 Rc4 36. Rd8+ Rxd8 37. Nxd8 Rc7 38. g4 Rd7 39. Nc6 b3 40.
axb3 Nxg4 41. Rxe4 Nf6 42. Rc4 Rd1+ 43. Ka2 Kf7 44. b4 Nd5 45. b5 Nb6 46. Re4
Rd5 47. Nd4 Nd7 48. Nc6 Nb6 49. Kb3 Rxf5 50. Kb4 Nc8 51. Rd4 Ke6 52. Rd8 Rf4+
53. Ka5 Nd6 54. Rg8 Nc4+ 55. Ka6 Nxb2 56. h5 Rg4 57. h6 Ra4+ 58. Kb7 gxh6 59.
Rh8 Rf4 60. Nd8+ Kd7 61. Rxh7+ Kxd8 62. Rxh6 Rf7+ 63. Kc6 Rc7+ 64. Kd5 Rc2 65.
Rd6+ Ke7 66. Re6+ Kf7 67. Re4 Nd3 68. Kd6 Rb2 69. Rd4 Rb3 70. Kc6 Ne5+ 71. Kc5
Ke6 72. Rd6+ Ke7 73. Rh6 Kd8 74. Rh8+ Kd7 75. Rh7+ Ke6 76. Rh6+ Kf5 77. Rh5+
Kf6 78. Rh6+ Kg7 79. Re6 Nf7 80. Re1 Kf6 81. Re4 Ne5 82. Rd4 Ke7 83. Re4 Ke6
84. Re2 Rc3+ 85. Kb4 Rc1 86. Rh2 Kd6 87. Rd2+ Kc7 88. Rd5 Rb1+ 89. Kc3 Nf7 90.
Kc2 Rf1 91. Kc3 Nd6 92. Kb2 Rf6 93. Kc3 Kb6 94. Kd4 Nxb5+ 95. Ke5 Rf1 96. Rd2
Re1+ 97. Kf4 Kc5 98. Rd8 Nd6 99. Ra8 Kd4 100. Ra4+ Nc4 101. Rb4 Rf1+ 102. Kg5
Kd5 103. Rb5+ Ke6 104. Rb4 Rf5+ 105. Kg4 Ne5+ 106. Kg3 Rg5+ 107. Kh4 Kf5 108.
Rb8 Rg4+ 109. Kh3 Rg7 110. Rb5 Rg8 111. Ra5 Kf4 112. Ra4+ Ke3 113. Ra3+ Nd3
114. Ra7 Kf3 115. Kh4 Rg4+ 116. Kh5 Rg1 117. Kh4 Nb4 118. Rf7+ Ke4 119. Re7+
Kd4 120. Re8 Nc6 121. Ra8 Ke4 122. Ra4+ Kf5 123. Ra8 Nd4 124. Rf8+ Ke5 125.
Re8+ Kf4 126. Rf8+ Nf5+ 127. Kh3 Rg5 128. Ra8 Rh5+ 129. Kg2 Ne3+ 130. Kf2 Rh2+
131. Ke1 Nc4 132. Rf8+ Ke4 133. Re8+ Ne5 134. Ra8 Kd4 135. Ra4+ Ke3 136. Ra3+
Nd3+ 137. Kf1 Rd2 138. Ra8 Kf3 139. Rf8+ Nf4 140. Ke1 Rd7 141. Rf5 Ke4 142. Ra5
Ke3 143. Ra3+ Nd3+ 144. Kf1 Rg7 145. Rc3 1/2-1/2

[Event "60th ch-POL w, Krakow POL"]
[Site "?"]
[Date "2008.??.??"]
[Round "2"]
[White "Golek, Jagoda"]
[Black "Kulon, Klaudia"]
[Result "0-1"]
[WhiteElo "2040"]
[BlackElo "2125"]
[PlyCount "80"]
[EventDate "2008.??.??"]

1. e4 e5 2. Nf3 Nc6 3. Bc4 Nf6 4. d3 h6 5. Nc3 d6 6. h3 g6 7. Be3 Bg7 8. a4 O-O
9. Qd2 Kh7 10. O-O-O a6 11. g4 Nd7 12. Rdg1 Nd4 13. Bxd4 exd4 14. Ne2 c5 15.
Ng3 b5 16. Bd5 Rb8 17. axb5 axb5 18. Kd1 Nb6 19. Bc6 Na4 20. Qc1 Be6 21. Ne2
Qc7 22. Bd5 Bxd5 23. exd5 Qb7 24. Nf4 g5 25. Nh5 Qxd5 26. Nd2 Qa2 27. Ne4 d5
28. Nxg5+ hxg5 29. Qxg5 Rg8 30. Qf5+ Kh8 31. Nf4 Rge8 32. Qxf7 Ra8 33. Ne6
Nxb2+ 34. Kc1 Qa1+ 35. Kd2 Qa5+ 36. Kc1 Nxd3+ 37. Kd1 Nxf2+ 38. Ke2 Rxe6+ 39.
Qxe6 Nxh1 40. Rxh1 Qc3 0-1

[Event "60th ch-POL w, Krakow POL"]
[Site "?"]
[Date "2008.??.??"]
[Round "2"]
[White "Dworakowska, J."]
[Black "Majdan, Joanna"]
[Result "1/2-1/2"]
[WhiteElo "2350"]
[BlackElo "2290"]
[PlyCount "128"]
[EventDate "2008.??.??"]

1. d4 Nf6 2. c4 g6 3. Nc3 Bg7 4. e4 d6 5. Bd3 O-O 6. Nge2 e5 7. d5 c6 8. f3 Nh5
9. Be3 f5 10. Qd2 f4 11. Bf2 c5 12. O-O-O a6 13. Kb1 Bd7 14. Nc1 Qe8 15. Qe2 b6
16. a3 Ra7 17. b4 Qc8 18. Rd2 Bf6 19. Rb2 Bd8 20. Nb3 Be8 21. bxc5 bxc5 22. Ka2
g5 23. Rhb1 Ra8 24. Bc2 Nf6 25. g4 h5 26. gxh5 Bxh5 27. Rg1 Qh3 28. Rxg5+ Kf7
29. Nxc5 dxc5 30. Rxe5 Ba5 31. Rb7+ Nbd7 32. Rf5 Bxc3 33. Rxd7+ Kg8 34. Rg5+
Kh8 35. Qd3 Bd4 36. Bxd4 cxd4 37. e5 Qxd7 38. exf6 Rxf6 39. Rxh5+ Kg8 40. Qxd4
Qe7 41. Re5 Qg7 42. d6 Re6 43. Rd5 Re2 44. Qxg7+ Kxg7 45. Kb2 Rb8+ 46. Kc1 Kf6
47. d7 Ke7 48. Bf5 Rg8 49. Bg4 Rxh2 50. Rd4 Ra2 51. Kb1 Rf2 52. c5 Rh8 53. Rd1
Kd8 54. Kc1 Rhh2 55. Re1 Re2 56. Rd1 Rc2+ 57. Kb1 Rb2+ 58. Ka1 Ra2+ 59. Kb1
Rxa3 60. c6 Rb3+ 61. Ka1 Rc3 62. c7+ Rxc7 63. Rb1 Rxd7 64. Bxd7 Kxd7 1/2-1/2

[Event "60th ch-POL w, Krakow POL"]
[Site "?"]
[Date "2008.??.??"]
[Round "3"]
[White "Majdan, Joanna"]
[Black "Szczepkowska Horowska, K."]
[Result "1-0"]
[WhiteElo "2290"]
[BlackElo "2290"]
[PlyCount "67"]
[EventDate "2008.??.??"]

1. e4 e5 2. Nf3 Nc6 3. Bb5 a6 4. Ba4 Nf6 5. O-O Be7 6. Re1 b5 7. Bb3 O-O 8. d4
d6 9. c3 Bg4 10. Be3 exd4 11. cxd4 Na5 12. Bc2 c5 13. dxc5 dxc5 14. Nc3 Nc4 15.
e5 Ne8 16. Be4 Nxe3 17. Rxe3 Ra7 18. Qc2 h6 19. Rd1 Qc8 20. Nd5 c4 21. h3 Be6
22. Nf4 Bc5 23. Re2 Nc7 24. Nh4 Re8 25. b4 Bxb4 26. Re3 Rd8 27. Rg3 Rxd1+ 28.
Qxd1 Kf8 29. Qd4 Qb8 30. a3 Ba5 31. Qd6+ Kg8 32. Nxe6 fxe6 33. Rxg7+ Kxg7 34.
Qe7+ 1-0

[Event "60th ch-POL w, Krakow POL"]
[Site "?"]
[Date "2008.??.??"]
[Round "3"]
[White "Kulon, Klaudia"]
[Black "Dworakowska, J."]
[Result "1/2-1/2"]
[WhiteElo "2125"]
[BlackElo "2350"]
[PlyCount "45"]
[EventDate "2008.??.??"]

1. e4 c5 2. Nf3 d6 3. Bb5+ Nd7 4. d4 cxd4 5. Qxd4 Ngf6 6. O-O a6 7. Bxd7+ Nxd7
8. Bg5 f6 9. Be3 e6 10. Nbd2 a5 11. Nc4 Ra6 12. a4 Be7 13. Qd2 O-O 14. c3 Qc7
15. Na3 Qc6 16. Nd4 Qxe4 17. f3 Qe5 18. Bf4 Qd5 19. c4 Qc5 20. Be3 Qe5 21. Bf4
Qc5 22. Be3 Qe5 23. Bf4 1/2-1/2

[Event "60th ch-POL w, Krakow POL"]
[Site "?"]
[Date "2008.??.??"]
[Round "3"]
[White "Zawadzka, J."]
[Black "Warakomska, A."]
[Result "0-1"]
[WhiteElo "2410"]
[BlackElo "2180"]
[PlyCount "134"]
[EventDate "2008.??.??"]

1. e4 e5 2. Nf3 Nc6 3. Bb5 a6 4. Ba4 Nf6 5. O-O Be7 6. Re1 b5 7. Bb3 O-O 8. h3
d6 9. c3 Na5 10. Bc2 c5 11. d4 Qc7 12. Nbd2 Rd8 13. b3 Bd7 14. d5 Ne8 15. Nf1
g6 16. g4 Ng7 17. Ng3 Rf8 18. Nh2 Kh8 19. Kh1 f6 20. f4 exf4 21. Bxf4 Nb7 22.
Qd2 Nd8 23. Nf3 Nf7 24. Rg1 Ne5 25. Raf1 Rae8 26. Ne2 Qc8 27. Bh2 Bd8 28. Nf4
Bb6 29. Rg2 Re7 30. Qf2 Ref7 31. Qg3 Bc7 32. Rgf2 Qe8 33. g5 Nxf3 34. Rxf3 Bd8
35. Qf2 Kg8 36. gxf6 Rxf6 37. Qg2 Qf7 38. Bd1 Qe7 39. R3f2 Qe8 40. Nd3 Rxf2 41.
Rxf2 Rxf2 42. Nxf2 Qf8 43. Bg4 Bxg4 44. Nxg4 Nh5 45. e5 Bg5 46. exd6 Qf5 47.
Be5 Nf4 48. Qf3 h5 49. Nf6+ Bxf6 50. Bxf6 Qxf6 51. d7 Qd6 52. Qxf4 Qxd5+ 53.
Kh2 Qxd7 54. Qe5 Qc6 55. Kg3 Kf7 56. Kh2 c4 57. Qf4+ Ke7 58. Qe5+ Qe6 59. Qg7+
Kd6 60. Qf8+ Ke5 61. bxc4 Qxc4 62. a3 Qf4+ 63. Qxf4+ Kxf4 64. Kg2 g5 65. Kf2 g4
66. hxg4 hxg4 67. Kg2 Ke3 0-1

[Event "60th ch-POL w, Krakow POL"]
[Site "?"]
[Date "2008.??.??"]
[Round "4"]
[White "Szczepkowska Horowska, K."]
[Black "Czarnota, D."]
[Result "1/2-1/2"]
[WhiteElo "2290"]
[BlackElo "2210"]
[PlyCount "95"]
[EventDate "2008.??.??"]

1. e4 c5 2. Nf3 d6 3. d4 Nf6 4. Nc3 cxd4 5. Nxd4 Nc6 6. Bg5 e6 7. Bb5 Bd7 8.
Bxc6 Bxc6 9. Nxc6 bxc6 10. e5 Qa5 11. Bxf6 gxf6 12. exd6 Qe5+ 13. Qe2 Bxd6 14.
O-O-O Rb8 15. Qxe5 Bxe5 16. Rd3 Ke7 17. Rhd1 Rhd8 18. Rxd8 Rxd8 19. Rxd8 Kxd8
20. Ne2 f5 21. h3 Kc7 22. c3 Kb6 23. Kc2 Kb5 24. b3 a5 25. Nc1 Bd6 26. Nd3 e5
27. a4+ Kb6 28. Nb2 Kc5 29. Nc4 Bc7 30. g4 fxg4 31. hxg4 Kd5 32. Kd3 e4+ 33.
Ke3 Bd8 34. Kf4 Bf6 35. Ne3+ Kc5 36. Kxe4 Bxc3 37. Nc2 Kd6 38. Ne3 Kc5 39. Nc2
Kd6 40. f3 Kc5 41. Kd3 Bf6 42. Ne3 Kb4 43. Kc2 Bg5 44. Nc4 f5 45. Ne5 fxg4 46.
fxg4 Kc5 47. Kd3 Bf4 48. Nc4 1/2-1/2

[Event "60th ch-POL w, Krakow POL"]
[Site "?"]
[Date "2008.??.??"]
[Round "4"]
[White "Warakomska, A."]
[Black "Przezdziecka, M."]
[Result "1-0"]
[WhiteElo "2180"]
[BlackElo "2275"]
[PlyCount "53"]
[EventDate "2008.??.??"]

1. e4 c5 2. Nf3 Nc6 3. Bb5 Nd4 4. Nxd4 cxd4 5. O-O g6 6. c3 Bg7 7. cxd4 Bxd4 8.
Nc3 a6 9. Qa4 Ba7 10. Be2 b5 11. Qb3 Bb7 12. a4 Qa5 13. d4 b4 14. Bc4 e6 15.
Bf4 Bb8 16. e5 Ne7 17. Bg5 Nf5 18. Bf6 Nxd4 19. Qd1 Bxe5 20. Nd5 Bxd5 21. Bxe5
Bxc4 22. Qxd4 Rg8 23. Rfc1 Bb3 24. Rc5 Qd8 25. Bf6 Qb8 26. Rac1 d5 27. Rc7 1-0

[Event "60th ch-POL w, Krakow POL"]
[Site "?"]
[Date "2008.??.??"]
[Round "4"]
[White "Golek, Jagoda"]
[Black "Krupa, Monika"]
[Result "0-1"]
[WhiteElo "2040"]
[BlackElo "2265"]
[PlyCount "108"]
[EventDate "2008.??.??"]

1. e4 c5 2. Nf3 Nc6 3. d4 cxd4 4. Nxd4 e5 5. Nb5 d6 6. a4 Nf6 7. N1c3 a6 8. Na3
Bg4 9. Be2 Bxe2 10. Qxe2 d5 11. Bg5 d4 12. Nd5 Be7 13. Bxf6 Bxf6 14. Nc4 Bg5
15. O-O O-O 16. Ncb6 Rb8 17. Qg4 g6 18. Ra3 f5 19. exf5 Rxf5 20. Rf3 Rxf3 21.
Qxf3 Qd6 22. Qg4 Bd8 23. Qd7 Qxd7 24. Nxd7 Rc8 25. Rd1 Kf7 26. N7b6 Bxb6 27.
Nxb6 Rd8 28. f3 Ke6 29. Nc4 Nb4 30. Rd2 Rc8 31. Na3 Nd5 32. Kf2 Ne3 33. Ke1 b5
34. axb5 axb5 35. Nxb5 Rb8 36. Na3 Rxb2 37. Kf2 Ra2 38. Nb5 Ra5 39. Nxd4+ exd4
40. Rxd4 Nxc2 41. Re4+ Kf6 42. g4 Rd5 43. h4 Rd2+ 44. Kg3 Nd4 45. f4 Rd3+ 46.
Kf2 Ne6 47. Kg2 h5 48. g5+ Kf7 49. Ra4 Nd4 50. Ra7+ Ke6 51. Ra6+ Kf5 52. Rf6+
Kg4 53. Rxg6 Rd2+ 54. Kf1 Kg3 0-1

[Event "60th ch-POL w, Krakow POL"]
[Site "?"]
[Date "2008.??.??"]
[Round "4"]
[White "Dworakowska, J."]
[Black "Socko, M."]
[Result "0-1"]
[WhiteElo "2350"]
[BlackElo "2475"]
[PlyCount "116"]
[EventDate "2008.??.??"]

1. d4 Nf6 2. c4 e6 3. Nf3 Bb4+ 4. Bd2 c5 5. Bxb4 cxb4 6. e3 O-O 7. Be2 d6 8.
O-O Nc6 9. a3 bxa3 10. Rxa3 e5 11. Nc3 Re8 12. dxe5 dxe5 13. Qb1 Nb4 14. h3 Bd7
15. Rd1 Qb6 16. Ng5 h6 17. Nf3 a5 18. Nd2 Qc7 19. Bf3 Rad8 20. Nd5 Nfxd5 21.
cxd5 b6 22. Rc3 Qb8 23. e4 Bb5 24. Bg4 Qd6 25. Nc4 Bxc4 26. Rxc4 g6 27. h4 h5
28. Bh3 Re7 29. Qc1 Kg7 30. Qc3 Qf6 31. Qg3 Rd6 32. Rdc1 Qf4 33. R1c3 Qxg3 34.
Rxg3 Na6 35. Rgc3 Nc5 36. f3 a4 37. g3 Ra7 38. Bf1 f5 39. Rb4 Rf7 40. exf5 gxf5
41. Bc4 f4 42. Kf2 fxg3+ 43. Kxg3 Rg6+ 44. Kh3 Rf4 45. Rb5 e4 46. Rxc5 bxc5 47.
Be2 exf3 48. Bxf3 c4 49. Bxh5 Rb6 50. Bd1 Rxb2 51. Bxa4 Rd4 52. Bc2 Rd2 53. Ba4
Rd3+ 54. Rxd3 cxd3 55. Kg3 Rb4 56. Bd1 Rb1 57. Ba4 d2 58. Kf4 Rb4+ 0-1

[Event "60th ch-POL w, Krakow POL"]
[Site "?"]
[Date "2008.??.??"]
[Round "4"]
[White "Majdan, Joanna"]
[Black "Kulon, Klaudia"]
[Result "1-0"]
[WhiteElo "2290"]
[BlackElo "2125"]
[PlyCount "113"]
[EventDate "2008.??.??"]

1. e4 c6 2. d4 d5 3. Nc3 dxe4 4. Nxe4 Bf5 5. Ng3 Bg6 6. h4 h6 7. f4 e6 8. Nf3
Nd7 9. h5 Bh7 10. Bd3 Bxd3 11. Qxd3 Qc7 12. Bd2 O-O-O 13. Qe2 Ngf6 14. O-O-O
Bd6 15. Ne5 Rhf8 16. Rhe1 c5 17. dxc5 Nxc5 18. Kb1 Kb8 19. c4 Nfd7 20. Nh1 Nb6
21. Nf2 Bxe5 22. fxe5 Rd4 23. b3 Rfd8 24. Bc3 Rxd1+ 25. Rxd1 Rxd1+ 26. Qxd1 Qe7
27. a4 Qd7 28. Qxd7 Nbxd7 29. Kc2 b6 30. b4 Nxa4 31. Bd4 b5 32. cxb5 Nab6 33.
Kc3 Nd5+ 34. Kc4 Nf4 35. g4 g6 36. Be3 Nd5 37. Bxh6 Nxe5+ 38. Kb3 gxh5 39. gxh5
Nd7 40. Bg7 N7f6 41. h6 Kb7 42. Ne4 Nh7 43. Nd6+ Kc7 44. Nxf7 Kb6 45. Ka4 Kb7
46. Nd8+ Kc7 47. Nxe6+ Kb6 48. Bd4+ Kb7 49. Ka5 Ne7 50. Be5 Nd5 51. Nd8+ Ka8
52. Bd4 Ne7 53. Nc6 Nc8 54. Ka6 Nd6 55. Nxa7 Nb7 56. Be5 Nf8 57. Nc8 1-0

[Event "60th ch-POL w, Krakow POL"]
[Site "?"]
[Date "2008.??.??"]
[Round "5"]
[White "Kulon, Klaudia"]
[Black "Szczepkowska Horowska, K."]
[Result "1-0"]
[WhiteElo "2125"]
[BlackElo "2290"]
[PlyCount "79"]
[EventDate "2008.??.??"]

1. e4 e5 2. Nf3 Nc6 3. Bb5 a6 4. Ba4 Nf6 5. O-O Be7 6. Re1 b5 7. Bb3 O-O 8. h3
Bb7 9. c3 d5 10. exd5 Nxd5 11. d4 exd4 12. cxd4 Bf6 13. Nc3 Nxc3 14. bxc3 Na5
15. Bc2 Nc4 16. Bf4 g6 17. Ne5 Nxe5 18. Bxe5 Re8 19. Qg4 Bd5 20. a4 Bxe5 21.
dxe5 Qe7 22. h4 Rab8 23. axb5 axb5 24. Re3 b4 25. c4 Be6 26. Qf4 Red8 27. h5 c5
28. Qh6 Qf8 29. Qg5 Qg7 30. Ra7 Rd2 31. Be4 Rd1+ 32. Kh2 Re8 33. Rg3 h6 34. Qe3
g5 35. f4 g4 36. f5 Bxc4 37. Qf4 Be2 38. e6 Rf1 39. exf7+ Qxf7 40. Rxg4+ 1-0

[Event "60th ch-POL w, Krakow POL"]
[Site "?"]
[Date "2008.??.??"]
[Round "5"]
[White "Socko, M."]
[Black "Majdan, Joanna"]
[Result "1/2-1/2"]
[WhiteElo "2475"]
[BlackElo "2290"]
[PlyCount "68"]
[EventDate "2008.??.??"]

1. d4 Nf6 2. c4 g6 3. Nc3 Bg7 4. e4 d6 5. Nf3 O-O 6. Be2 e5 7. Be3 Ng4 8. Bg5
f6 9. Bc1 exd4 10. Nxd4 f5 11. O-O fxe4 12. Bxg4 Bxg4 13. Qxg4 Bxd4 14. Qe6+
Kh8 15. Nxe4 Nc6 16. Bh6 Bg7 17. Bxg7+ Kxg7 18. Rae1 Qh4 19. c5 Rfe8 20. Qc4 d5
21. Qc3+ d4 22. Qd3 Qf4 23. f3 Rad8 24. Qb3 d3 25. Rd1 Ne5 26. Qxb7 Nc4 27. Nd6
Qd4+ 28. Kh1 Nxd6 29. cxd6 Qxd6 30. Qb3 Re2 31. Qc3+ Kg8 32. Qc4+ Kg7 33. Qc3+
Kg8 34. Qc4+ Kg7 1/2-1/2

[Event "60th ch-POL w, Krakow POL"]
[Site "?"]
[Date "2008.??.??"]
[Round "5"]
[White "Krupa, Monika"]
[Black "Dworakowska, J."]
[Result "0-1"]
[WhiteElo "2265"]
[BlackElo "2350"]
[PlyCount "82"]
[EventDate "2008.??.??"]

1. e4 c5 2. Nf3 a6 3. g3 d6 4. Bg2 Nf6 5. Nc3 Nc6 6. O-O g6 7. d4 cxd4 8. Nxd4
Bd7 9. Nd5 Bg7 10. Ne2 O-O 11. Be3 b5 12. Bb6 Qb8 13. Bd4 Nxd5 14. Bxg7 Ne3 15.
Qd3 Nxf1 16. Bxf8 Ne5 17. Qd4 Nxh2 18. Kxh2 Qxf8 19. Nc3 Rc8 20. Kg1 Be6 21. f4
Nc4 22. a4 b4 23. Ne2 Qg7 24. b3 Qxd4+ 25. Nxd4 Ne3 26. Rc1 Bg4 27. Bf1 e5 28.
Bxa6 Ra8 29. Bb7 Ra7 30. Nb5 Rxb7 31. Nxd6 Re7 32. c3 exf4 33. gxf4 Rc7 34. Nc4
Rxc4 35. bxc4 b3 36. Rb1 Bd1 37. c5 Kf8 38. Kf2 Bc2 39. Rh1 Bxe4 40. Rxh7 Kg8
41. c6 Bxc6 0-1